[Event "Sochi ChessAmateur op10"]
[Site "Sochi"]
[Date "2018.10.17"]
[Round "8"]
[White "Rudenko, Eugeny"]
[Black "Beshukova, Alina"]
[Result "1-0"]
[WhiteElo "2079"]
[BlackElo "1871"]
[PlyCount "49"]
[EventDate "2018.10.12"]
[EventType "swiss"]
[EventRounds "9"]
[EventCountry "RUS"]
[SourceTitle "CBM 187 Extra"]
[Source "ChessBase"]
[SourceDate "2018.11.04"]
[SourceVersion "1"]
[SourceVersionDate "2018.11.04"]
[SourceQuality "1"]

1. d4 d5 2. c4 e6 3. Nc3 Nf6 4. Bg5 Be7 5. e3 0-0 6. Nf3 Ne4 7. Bxe7 Qxe7 8. Qc2 Nxc3 9. bxc3 Nd7 10. cxd5 exd5 11. Bd3 Nf6 12. 0-0 h6 13. Rae1 c5 14. Qb2 c4 15. Bb1 Ne4 16. Ne5 Nd6 17. f3 b5 18. e4 dxe4 19. fxe4 Bb7 20. Rf3 a5 21. Rg3 Qh4 22. Nf3 Qf4 23. e5 Nf5 24. Qc2 Bc8 25. Re4 1-0

[Event "Sochi ChessAmateur op10"]
[Site "Sochi"]
[Date "2018.10.15"]
[Round "6"]
[White "Rudenko, Eugeny"]
[Black "Mayornikov, Daniil"]
[Result "1/2-1/2"]
[WhiteElo "2079"]
[BlackElo "1802"]
[PlyCount "90"]
[EventDate "2018.10.12"]
[EventType "swiss"]
[EventRounds "9"]
[EventCountry "RUS"]
[SourceTitle "CBM 187 Extra"]
[Source "ChessBase"]
[SourceDate "2018.11.04"]
[SourceVersion "1"]
[SourceVersionDate "2018.11.04"]
[SourceQuality "1"]

1. e4 d5 2. exd5 Nf6 3. c4 c6 4. d4 cxd5 5. Nc3 e6 6. Nf3 Be7 7. Bf4 0-0 8. Rc1 Nc6 9. c5 Ne4 10. Bd3 f5 11. Bb5 g5 12. Bxc6 bxc6 13. Be5 Bd7 14. 0-0 Be8 15. Ne1 Bf6 16. Nd3 Be7 17. Re1 Nf6 18. Bxf6 Rxf6 19. f4 Rh6 20. Qf3 Rb8 21. Rc2 gxf4 22. Nxf4 Bf7 23. Nd3 Bf6 24. Ne5 Bxe5 25. Rxe5 Rh4 26. Qf2 Qg5 27. a3 Rb3 28. Rd2 Re4 29. Qg3 Rg4 30. Qe3 Qg6 31. Qd3 Qg5 32. Re3 f4 33. Rf3 Rb8 34. Rdf2 e5 35. dxe5 Qxe5 36. Rxf4 Rxf4 37. Qg3+ Bg6 38. Rxf4 Re8 39. Rb4 Qe7 40. Na4 Rd8 41. Rd4 Qf6 42. Qf2 Qe5 43. Rd1 d4 44. Re1 Qd5 45. Qd2 Qh5 1/2-1/2

[Event "Sochi ChessAmateur op"]
[Site "Sochi"]
[Date "2018.04.02"]
[Round "3"]
[White "Rudenko, Eugeny"]
[Black "Dmitriev, Igor"]
[Result "0-1"]
[WhiteElo "2108"]
[BlackElo "2235"]
[PlyCount "92"]
[EventDate "2018.04.01"]
[EventType "swiss"]
[EventRounds "9"]
[EventCountry "RUS"]
[SourceTitle "CBM 184 Extra"]
[Source "ChessBase"]
[SourceDate "2018.06.28"]
[SourceVersion "1"]
[SourceVersionDate "2018.06.28"]
[SourceQuality "1"]

1. e4 d6 2. d4 e6 3. c4 c5 4. Nf3 cxd4 5. Nxd4 Nf6 6. Nc3 Nc6 7. g3 Be7 8. Bg2 Bd7 9. 0-0 a6 10. b3 0-0 11. Bb2 Rc8 12. Re1 Re8 13. Rc1 Bf8 14. h3 Qa5 15. a3 Ne5 16. f4 Ng6 17. Nde2 b5 18. cxb5 axb5 19. b4 Qa7+ 20. Qd4 Qb8 21. Nb1 e5 22. Qf2 exf4 23. Bxf6 fxg3 24. Nxg3 Rxc1 25. Rxc1 gxf6 26. Nh5 Bg7 27. Rf1 Be6 28. Nxg7 Kxg7 29. Qxf6+ Kg8 30. Qd4 Rc8 31. Nc3 Rc4 32. Qe3 Rc8 33. e5 dxe5 34. Ne4 Kg7 35. Nf6 Nf4 36. Nh5+ Nxh5 37. Qg5+ Kh8 38. Qxh5 Qa7+ 39. Kh1 Qe3 40. Qh4 h6 41. Qf6+ Kh7 42. Kh2 Rc2 43. Rf3 Qg5 44. Qxg5 hxg5 45. Rd3 Bc4 46. Rg3 Kh6 0-1

[Event "RUS-chT blitz"]
[Site "Sochi"]
[Date "2017.10.05"]
[Round "2"]
[White "Rudenko, Eugeny"]
[Black "Papenin, Nikolai"]
[Result "0-1"]
[WhiteElo "2108"]
[BlackElo "2334"]
[PlyCount "64"]
[EventDate "2017.10.05"]
[EventType "team-swiss (blitz)"]
[EventRounds "15"]
[EventCountry "RUS"]
[SourceTitle "CBM 181 Extra"]
[Source "ChessBase"]
[SourceDate "2017.12.12"]
[SourceVersion "1"]
[SourceVersionDate "2017.12.12"]
[SourceQuality "1"]
[WhiteTeam "Cimmeria (Crimea)"]
[BlackTeam "Our Crimea Republic of Crimea"]
[WhiteTeamCountry "RUS"]
[BlackTeamCountry "RUS"]

1. e4 c5 2. Nf3 d6 3. Nc3 Nc6 4. d4 cxd4 5. Nxd4 Nf6 6. Bc4 Qb6 7. Nb3 e6 8. 0-0 Be7 9. Be3 Qc7 10. Be2 0-0 11. f4 a6 12. Qe1 b5 13. a3 Bb7 14. Qg3 Rfe8 15. Rad1 b4 16. axb4 Nxb4 17. Nd4 Nxe4 18. Nxe4 Bxe4 19. c3 Nd5 20. f5 Nxe3 21. Qxe3 exf5 22. Nxf5 Bf8 23. Qd2 d5 24. Nd4 Bd6 25. h3 Rab8 26. Bf3 Bf4 27. Qe2 Bg6 28. Qxa6 Rxb2 29. Rde1 Rf8 30. Bxd5 Qxc3 31. Ne2 Qc5+ 32. Kh1 Bd2 0-1

[Event "Chigorin Memorial 22nd"]
[Site "St Petersburg"]
[Date "2014.10.24"]
[Round "7"]
[White "Filyanin, Daniil"]
[Black "Rudenko, Eugeny"]
[Result "1-0"]
[WhiteElo "1947"]
[BlackElo "2138"]
[PlyCount "34"]
[EventDate "2014.10.18"]
[EventType "swiss"]
[EventRounds "9"]
[EventCountry "RUS"]
[SourceTitle "EXT 2015"]
[Source "ChessBase"]
[SourceDate "2014.11.20"]
[SourceVersion "1"]
[SourceVersionDate "2014.11.20"]
[SourceQuality "1"]

1. e4 c5 2. Nf3 d6 3. d4 cxd4 4. Nxd4 Nf6 5. Nc3 a6 6. g3 e5 7. Nde2 Nbd7 8. Bg2 b5 9. 0-0 Bb7 10. h3 Nc5 11. Bg5 Be7 12. Bxf6 Bxf6 13. Nd5 Na4 14. b3 Bxd5 15. Qxd5 Nb6 16. Qc6+ Ke7 17. Nc3 Qb8 1-0

[Event "Chigorin Memorial 22nd"]
[Site "St Petersburg"]
[Date "2014.10.23"]
[Round "6"]
[White "Rudenko, Eugeny"]
[Black "Shilnikov, Igor S"]
[Result "1-0"]
[WhiteElo "2138"]
[BlackElo "1839"]
[PlyCount "157"]
[EventDate "2014.10.18"]
[EventType "swiss"]
[EventRounds "9"]
[EventCountry "RUS"]
[SourceTitle "EXT 2015"]
[Source "ChessBase"]
[SourceDate "2014.11.20"]
[SourceVersion "1"]
[SourceVersionDate "2014.11.20"]
[SourceQuality "1"]

1. e4 e5 2. Nf3 Nc6 3. Bb5 g6 4. c3 Bg7 5. d4 Nge7 6. d5 Nb8 7. d6 Nec6 8. Bg5 f6 9. Be3 cxd6 10. a4 Qe7 11. Bc4 Nd8 12. Na3 a6 13. Bd5 Nbc6 14. Nc4 Bf8 15. Nb6 Rb8 16. Ba2 Ne6 17. Nd5 Qg7 18. Bb6 Be7 19. Nc7+ Nxc7 20. Bxc7 Ra8 21. Nd2 b5 22. axb5 axb5 23. Bf7+ Qxf7 24. Rxa8 0-0 25. Qb3 Qxb3 26. Nxb3 Kf7 27. Ke2 f5 28. f3 Ke6 29. Rd1 fxe4 30. fxe4 Bb7 31. Rxf8 Bxf8 32. Rf1 Be7 33. Kd3 Ba6 34. Ra1 Bb7 35. Na5 Nxa5 36. Rxa5 Bc6 37. b3 Bg5 38. g3 Be7 39. Ra1 d5 40. exd5+ Bxd5 41. Ra6+ Bc6 42. Bb6 h5 43. Be3 Kf5 44. Ba7 Kg4 45. Bb8 Bf6 46. Ke3 Kh3 47. Ra2 Bg5+ 48. Kf2 Bf6 49. Re2 e4 50. Re3 Kg4 51. Ba7 Bg5 52. Re2 Kf5 53. Be3 Bf6 54. Bd4 Be7 55. b4 Bd5 56. Ke1 g5 57. Rf2+ Ke6 58. Be3 Bc4 59. Kd2 d6 60. Rg2 Bf1 61. Rg1 Bh3 62. Ra1 Kd5 63. Ra7 Bf6 64. Rf7 Ke6 65. Rh7 Bg4 66. Rb7 h4 67. Rxb5 hxg3 68. hxg3 Be5 69. Bxg5 Bxg3 70. Be3 Be5 71. Rb8 Kd7 72. Rf8 Be6 73. Bf4 Bg7 74. Ra8 Bf6 75. Ra7+ Kc6 76. Ra6+ Kc7 77. Rxd6 Bg5 78. Rxe6+ Bxf4+ 79. Ke2 1-0

[Event "Chigorin Memorial 22nd"]
[Site "St Petersburg"]
[Date "2014.10.20"]
[Round "3"]
[White "Khusenkhojaev, Muhammad"]
[Black "Rudenko, Eugeny"]
[Result "1/2-1/2"]
[WhiteElo "2416"]
[BlackElo "2138"]
[PlyCount "112"]
[EventDate "2014.10.18"]
[EventType "swiss"]
[EventRounds "9"]
[EventCountry "RUS"]
[SourceTitle "EXT 2015"]
[Source "ChessBase"]
[SourceDate "2014.11.20"]
[SourceVersion "1"]
[SourceVersionDate "2014.11.20"]
[SourceQuality "1"]

1. Nf3 c5 2. c4 g6 3. d4 Bg7 4. e4 cxd4 5. Nxd4 Nc6 6. Be3 Nf6 7. Nc3 0-0 8. Be2 d6 9. 0-0 Nxd4 10. Bxd4 Re8 11. f4 e5 12. fxe5 dxe5 13. Bc5 Be6 14. b3 Nd7 15. Bf2 Bf8 16. Bg4 Bc5 17. Bxe6 fxe6 18. Qc2 Qe7 19. Rad1 Rf8 20. Na4 Bxf2+ 21. Rxf2 Nc5 22. Nc3 Na6 23. Rxf8+ Rxf8 24. Qd2 Qc5+ 25. Kh1 Qd4 26. Qe1 Qb6 27. Na4 Qc6 28. h3 Rf4 29. Rd8+ Kg7 30. Nc3 Nc5 31. Qd2 Nxe4 32. Qd7+ Rf7 33. Qxc6 Ng3+ 34. Kh2 Nf1+ 35. Kg1 bxc6 36. Rd3 h5 37. h4 Rf4 38. g3 Rd4 39. Rxd4 exd4 40. Ne2 d3 41. Kxf1 dxe2+ 42. Kxe2 c5 43. a3 a5 44. b4 cxb4 45. axb4 axb4 46. c5 Kf7 47. Kd3 Ke7 48. Kc2 Kd7 49. Kb3 Kc7 50. Kc4 Kb7 51. Kxb4 Kc6 52. Kc4 e5 53. Kb4 e4 54. Kc4 e3 55. Kd3 Kxc5 56. Kxe3 Kd5 1/2-1/2

[Event "Chigorin Memorial 22nd"]
[Site "St Petersburg"]
[Date "2014.10.19"]
[Round "2"]
[White "Rudenko, Eugeny"]
[Black "Zilbershtein, Victor"]
[Result "1-0"]
[WhiteElo "2138"]
[BlackElo "1814"]
[PlyCount "99"]
[EventDate "2014.10.18"]
[EventType "swiss"]
[EventRounds "9"]
[EventCountry "RUS"]
[SourceTitle "EXT 2015"]
[Source "ChessBase"]
[SourceDate "2014.11.20"]
[SourceVersion "1"]
[SourceVersionDate "2014.11.20"]
[SourceQuality "1"]

1. e4 b6 2. d4 Bb7 3. Bd3 e6 4. Nf3 c5 5. c3 Nf6 6. Qe2 Be7 7. 0-0 0-0 8. e5 Ne8 9. Nbd2 f5 10. exf6 Nxf6 11. Ne4 Nxe4 12. Bxe4 Nc6 13. d5 exd5 14. Bxd5+ Kh8 15. Ne5 Qe8 16. Re1 Nd4 17. cxd4 Bxd5 18. Qg4 Be6 19. Qe4 cxd4 20. Nd3 Bf6 21. Bf4 Qh5 22. Be5 Bf5 23. Qxd4 Bxd3 24. Bxf6 Rxf6 25. Qxd3 Qf7 26. Re2 Rf8 27. f3 Qg6 28. Qxg6 Rxg6 29. Rd1 d6 30. Re7 h6 31. Rxa7 Rxf3 32. Rb7 Re3 33. Kf2 Rge6 34. Rd2 d5 35. Rxb6 Re2+ 36. Rxe2 Rxb6 37. Ke3 Rb4 38. Kd3 Kh7 39. b3 Rg4 40. a4 Kg6 41. a5 Rb4 42. Kc3 Rb5 43. b4 Kf5 44. a6 Rb8 45. a7 Ra8 46. g4+ Kf6 47. Ra2 Ke6 48. Kd4 Kf6 49. Ra6+ Ke7 50. Rg6 1-0

[Event "UKR-ch"]
[Site "Simferopol"]
[Date "2003.11.06"]
[Round "3"]
[White "Rudenko, Eugeny"]
[Black "Poluektov, Yury"]
[Result "1/2-1/2"]
[WhiteElo "2271"]
[BlackElo "2287"]
[PlyCount "64"]
[EventDate "2003.11.04"]
[EventType "swiss"]
[EventRounds "9"]
[EventCountry "UKR"]
[SourceTitle "CBM 097 Extra"]
[Source "ChessBase"]
[SourceDate "2004.01.13"]
[SourceVersion "1"]
[SourceVersionDate "2004.01.13"]
[SourceQuality "1"]

1. Nf3 d5 2. g3 Nf6 3. Bg2 Bf5 4. 0-0 e6 5. d3 Be7 6. Nbd2 0-0 7. Qe1 h6 8. e4 Bh7 9. e5 Nfd7 10. Qe2 c5 11. Re1 Nc6 12. Nf1 Rc8 13. c3 b5 14. h4 b4 15. c4 Nb6 16. Rd1 a5 17. Bf4 a4 18. Ne3 Nd4 19. Nxd4 cxd4 20. cxd5 dxe3 21. d6 exf2+ 22. Qxf2 Bxd6 23. exd6 Nd5 24. Bxd5 exd5 25. Qd4 Bf5 26. Rac1 Re8 27. Rc7 Rxc7 28. dxc7 Qe7 29. Qxd5 Bc8 30. d4 Qe2 31. Rd2 Qe1+ 32. Kh2 g5 1/2-1/2